00571nam a22001457a 4500003000500000038001800005082000800023100002700031245014600058264003300204300002400237650003600261700007000297856005800367NUST aNusrat Nadeem a200 aSiddiq, Muhammad Fahad aAsia's Fiscal Future: Unveiling the Climate Vulnerability and Readiness Impact on Public Debt and Income Inequality/cMuhammad Fahad Siddiq,  aIslamabad;bS3H NUST;c2024. a77,p;bill;c30,cm. aMS-Government and Public Policy aSupervisor: Dr. Ume Laila Shah Co-Supervisor: Dr Tanweer-UL-Islam u http://10.250.8.41:8080/xmlui/handle/123456789/46392